000 00356nam a2200133Ia 4500
008 150202s9999 xx 000 0 und d
020 _a821748564
050 _aFIC
_bFIC
100 _aStone, Katherine.
245 _aHappy endings /
_cKatherine Stone.
260 _aNew York :
_bZebra Books,
_c1994.
300 _a382 pages :
_c18 cm.
650 _aFiction.
999 _c282441
_d282441